Word Chain - Statistics

General Stats
  • This quiz has been taken 1,291 times
  • The average score is 14 of 15
Answer Stats
Hint Answer % Correct
All the 26 letters from A to Z Alphabet
98%
Not rich Poor
98%
Gustave Eiffel built very famous one in Paris Tower
97%
Yellow part of egg Yolk
97%
US President Clinton Bill
95%
Chart that shows streets, rivers, mountains, etc. Map
94%
The Great Barrier ______ Reef
94%
Peter Pan's home Neverland
92%
Ninety divided by five Eighteen
91%
Princess Diana's second son Henry
91%
Somewhat hot Warm
90%
Strong, thick string Rope
89%
Capital is Nairobi Kenya
84%
Falsehood, fabrication, lie Fib
77%
The ______ of supply and demand Law
76%
No matching quizzes found
Score Distribution
Percent of People with Each Score
Percentile by Number Answered
Your Score History
You have not taken this quiz